Bioestadística

Gespeichert in:
Bibliographische Detailangaben
1. Verfasser: Blair, R. Clifford
Weitere Verfasser: Taylor, Richard A
Format: Buch
Sprache:Spanisch
Veröffentlicht: Ciudad de México, México. Pearson Educación, 2008
Schlagworte:
Online-Zugang:Disponible Online
Tags: Tag hinzufügen
Keine Tags, Fügen Sie den ersten Tag hinzu!

MARC

LEADER 00000cam a2200000 a 4500
001 UCH4856
003 CL-VaPUC
005 20240104150223.0
008 090910e20080000MX |||||||||||||||||spa|d
999 |c 336108  |d 336106 
020 |a 9789702611967 
040 |c Pontificia Universidad Católica de Valparaíso 
082 0 4 |a 570.15195 BLA 2008  |2 21 
100 0 |a Blair, R. Clifford  |9 540822 
245 1 0 |a Bioestadística 
260 |a Ciudad de México, México.  |b Pearson Educación,  |c 2008 
300 |a 538 páginas 
583 |a last modification  |c 20170822 04:20:37  |k Rodrigo Vera 
650 0 |a Bioestadística  |2 CL-VaPUC  |9 261187 
650 0 |a Teoría de probabilidades   |9 336944 
650 0 |a Probabilidades   |9 260199 
650 0 |a Regresión lineal   |9 362689 
650 0 |a Análisis de regresión   |9 263763 
700 0 |a Taylor, Richard A  |9 540823 
856 |u http://bibliografiadigital.pucv.cl.pucv.idm.oclc.org/index.php/bibliotecapucv/catalog/book/827  |y Disponible Online  
942 |c BK  |2 ddc 
945 |d 20090910 00:00:00  |a rbrito 
952 |0 0  |1 0  |2 ddc  |4 0  |6 570_151950000000000_BLA_2008  |7 0  |8 A  |9 427044  |a BIBCUR  |b BIBCUR  |d 2019-11-22  |i 4599233  |o 570.15195 BLA 2008  |p 4599233  |r 2025-04-22  |t 1  |w 2019-11-22  |y BK  |k BIO 
952 |0 0  |1 0  |2 ddc  |4 0  |6 570_151950000000000_BLA_2008  |7 0  |8 A  |9 427045  |a BIBCUR  |b BIBCUR  |d 2019-11-22  |i 4599241  |o 570.15195 BLA 2008  |p 4599241  |r 2025-04-22  |t 2  |w 2019-11-22  |y BK  |k BIO 
952 |0 0  |1 0  |2 ddc  |3 erb  |4 0  |6 570_151950000000000_BLA_2008  |7 0  |8 CCM  |9 427046  |a BIBCUR  |b BIBCUR  |i 5419050  |o 570.15195 BLA 2008  |p 5419050  |r 2025-04-22  |t 3  |w 2019-11-22  |y BK  |z Catalogado en:20170825  |k CIM 
952 |0 0  |1 0  |2 ddc  |3 erb  |4 0  |6 570_151950000000000_BLA_2008  |7 0  |8 CCM  |9 427047  |a BIBCUR  |b BIBCUR  |i 5419042  |o 570.15195 BLA 2008  |p 5419042  |r 2025-04-22  |t 4  |w 2019-11-22  |y BK  |z Catalogado en:20170825  |k CIM 
952 |0 0  |1 0  |2 ddc  |3 erb  |4 0  |6 570_151950000000000_BLA_2008  |7 0  |8 CCM  |9 427048  |a BIBCUR  |b BIBCUR  |i 5419034  |o 570.15195 BLA 2008  |p 5419034  |r 2025-04-22  |t 5  |w 2019-11-22  |y BK  |z Catalogado en:20170825  |k CIM 
952 |0 0  |1 0  |2 ddc  |3 erb  |4 0  |6 570_151950000000000_BLA_2008  |7 0  |8 CCM  |9 427049  |a BIBCUR  |b BIBCUR  |i 5419026  |o 570.15195 BLA 2008  |p 5419026  |r 2025-04-22  |t 6  |w 2019-11-22  |y BK  |z Catalogado en:20170825  |k CIM 
952 |0 0  |1 0  |2 ddc  |3 erb  |4 0  |6 570_151950000000000_BLA_2008  |7 0  |8 A  |9 427050  |a BIBCUR  |b BIBCUR  |i 5419018  |l 2  |o 570.15195 BLA 2008  |p 5419018  |r 2025-04-22  |s 2021-06-10  |t 7  |w 2019-11-22  |y BK  |z Catalogado en:20170825  |k CIM